书目信息 |
| 题名: |
游戏治疗技巧
|
|
| 作者: | 斯卡夫 , 卡吉洛西 编著 ;何长珠 译 | |
| 分册: | ||
| 出版信息: | 成都 四川大学出版社 2007 |
|
| 页数: | 359页 | |
| 开本: | 24cm | |
| 丛书名: | 心理治疗系列 | |
| 单 册: | ||
| 中图分类: | R749.055 , B844.1 | |
| 科图分类: | ||
| 主题词: | 儿童--游戏--精神疗法 | |
| 电子资源: | ||
| ISBN: | 978-7-5614-3662-2 | |
| 000 | 01166nam0 2200301 450 | |
| 000 | 01195nam0 2200301 450 | |
| 000 | 01126nam0 2200277 450 | |
| 000 | 01090nam0 2200265 45 | |
| 005 | 20070726175657.20 | |
| 010 | @a978-7-5614-3662-2@dCNY39.00 | |
| 100 | @a20070706d2007 em y0chiy0120 ea | |
| 101 | 0 | @achi |
| 102 | @aCN@b410000 | |
| 105 | @ay z 000yy | |
| 200 | 1 | @a游戏治疗技巧@AYou Xi Zhi Liao Ji Qiao@f(美)斯卡夫(Schaefer,C.E.), (美)卡吉洛西(Cangelosi,D.M.)编著@F( Mei ) Si Ka Fu (Schaefer,C.E.), ( Mei ) Ka Ji Luo Xi (Cangelosi,D.M.) Bian Zhu@g何长珠译 |
| 210 | @a成都@c四川大学出版社@d2007 | |
| 215 | @a359页@d24cm | |
| 225 | 2 | @a心理治疗系列 |
| 330 | @a本书内容包括:象征性的游戏技巧,使用自然媒介的游戏技巧,绘画与艺术技巧在游戏治疗中的使用,说故事、角色扮演与放松想象技巧棋戏等内容。 | |
| 410 | 0 | @12001 @a心理治疗系列 |
| 606 | 0 | @a儿童@x游戏@x精神疗法 |
| 690 | @aR749.055@v4 | |
| 690 | @aB844.1@v4 | |
| 701 | 1 | @c(美)@a斯卡夫@ASi Ka Fu@g(Schaefer,C.E.)@4编著 |
| 701 | 1 | @c (美)@a卡吉洛西@AKa Ji Luo Xi@g(Cangelosi,D.M.)@4编著 |
| 702 | 0 | @a何长珠@AHe Chang Zhu@4译 |
| 801 | 0 | @aCN@bTAOJIN@c20070726 |
| 905 | @a10447@dB844.1@e862 | |
| 游戏治疗技巧/(美)斯卡夫(Schaefer,C.E.), (美)卡吉洛西(Cangelosi,D.M.)编著/何长珠译.-成都:四川大学出版社,2007 |
| 359页;24cm.-(心理治疗系列) |
| ISBN 978-7-5614-3662-2:CNY39.00 |
| 本书内容包括:象征性的游戏技巧,使用自然媒介的游戏技巧,绘画与艺术技巧在游戏治疗中的使用,说故事、角色扮演与放松想象技巧棋戏等内容。 |
| ● |
| 相关链接 |
|
|
|
|
正题名:游戏治疗技巧
索取号:B844.1/862
 
预约/预借
| 序号 | 登录号 | 条形码 | 馆藏地/架位号 | 状态 | 备注 |
| 1 | 0820140 | 208201408 | 第一样本阅览室/ [索取号:B844.1/862] | 在馆 | |
| 2 | 0820141 | 208201417 | 第一借阅区/ [索取号:B844.1/862] | 在馆 | |
| 3 | 0820142 | 208201426 | 第一借阅区/ [索取号:B844.1/862] | 在馆 | |
| 4 | 0820143 | 208201435 | 第一借阅区/ [索取号:B844.1/862] | 在馆 | |
| 5 | 0820144 | 208201444 | 第一借阅区/ [索取号:B844.1/862] | 在馆 |